Borussia Dortmund Squad Champions League 2024/2025 - Statistics

General Stats
  • This quiz has been taken 61 times
  • The average score is 19 of 25
Answer Stats
Picture Answer % Correct
Emre Can
100%
Julian Brandt
100%
Marcel Sabitzer
98%
Niklas Süle
98%
Gregor Kobel
96%
Karim Adeyemi
96%
Nico Schlotterbeck
96%
Serhou Guirassy
94%
Pascal Gross
90%
Giovanni Reyna
86%
Jamie Gittens
86%
Felix Nmecha
84%
Julian Ryerson
84%
Ramy Bensebaini
84%
Salih Özcan
78%
Waldemar Anton
76%
Yan Couto
73%
Maximilian Beier
69%
Alexander Meyer
59%
Daniel Svensson
59%
Carney Chukwuemeka
47%
Marcel Lotka
43%
Kjell Wätjen
35%
Ayman Azhil
20%
Silas Ostrzinski
16%
No matching quizzes found
Score Distribution
Percent of People with Each Score
Percentile by Number Answered
Your Score History
You have not taken this quiz